000 00638nam a2200253Ia 4500
003 OSt
005 20220924143949.0
006 a|||||r|||| 00| 0
007 ta
008 220923b |||||||| |||| 00| 0 urd d
020 _c2.50
024 _a311380
037 _cTextual
040 _aARTS
_cARTS
_burd
041 _2urd
_aurd
082 _aO168,1xM1, E1
100 _aAbbasi Mohammad Ahsanullah
_9216928
245 0 _aNashtar-e-sukhan
260 _c1911
300 _a472p.
_ccm.
650 _aURDU POETRY
942 _hO168,1xM1, E1
_cTEXL
_2CC
999 _c455926
_d455926